000 02529cam a2200349 a 4500
003 EG-GiCUC
005 20250223031712.0
008 170403s2016 ua d f m 000 0 eng d
040 _aEG-GiCUC
_beng
_cEG-GiCUC
041 0 _aeng
049 _aDeposite
097 _aM.Sc
099 _aCai01.11.13.M.Sc.2016.He.A
100 0 _aHeba Abdullah Mustafa Eid
245 1 0 _aAlleged medical malpractice prevalence in Egypt :
_bA retrospective study during the years 2009, 2010 /
_cHeba Abdullah Mustafa Eid ; Supervised Eman Abdelfattah Elzohairy , Eman Muhammed Fawzy Gaballah , Ghada Hassaballah Abdullah Hasabo
246 1 5 _aمعدل إدعاءات سوء الممارسه الطبية في مصر :
_bدراسه إسترجاعيه لعامي2009, 2010
260 _aCairo :
_bHeba Abdullah Mustafa Eid ,
_c2016
300 _a111 P. :
_bcharts ;
_c25cm
502 _aThesis (M.Sc.) - Cairo University - Faculty of Medicine - Department of Forensic Medicine - Toxicology
520 _aMalpractice actions against doctors are not a new thing but the increased frequency of such actions and the damage amounts obtained can increase till they threaten the delivery of medical services. At this point we begin to speak of a medical malpractice crisis. This cross-sectional study aims to revise the closed claims of malpractice investigated by the medico legal authority through the years 2009 and 2010 to throw the light on the medical malpractice in Egypt, evaluate their prevalence, as well as their distribution in different (governorates and health care sectors). The study found that most of malpractice claims involved females above the age of 18 years old from the Delta& Alexandria region. The majority of claims occurred in private health care sectors. The commonest branches to be accused were general surgery& obstetrics/ gynecology .However unsatisfied outcome was the commonest outcome in the studied claims. The majority of defendant health care sectors were male specialists. Malpractice didn't approve in the majority of claims. Negligence was the commonest cause in proved malpractice cases
530 _aIssued also as CD
653 4 _aClaims
653 4 _aDamage
653 4 _aMalpractice
700 0 _aEman Abdelfattah Elzohairy ,
_eSupervisor
700 0 _aEman Muhammed Fawzy Gaballah ,
_eSupervisor
700 0 _aGhada Hassaballah Abdullah Hasabo ,
_eSupervisor
856 _uhttp://172.23.153.220/th.pdf
905 _aEnas
_eCataloger
905 _aNazla
_eRevisor
942 _2ddc
_cTH
999 _c60525
_d60525